[Event "Bratislava Slovakia op"]
[Site "Bratislava"]
[Date "2022.10.02"]
[Round "8"]
[White "Hlavac, Tomas"]
[Black "Park, Seonjae"]
[Result "0-1"]
[WhiteElo "1579"]
[BlackElo "1674"]
[PlyCount "114"]
[EventDate "2022.09.30"]
[EventType "swiss (rapid)"]
[EventRounds "9"]
[EventCountry "SVK"]
[SourceTitle "CBM 210 Extra"]
[Source "ChessBase"]
[SourceDate "2022.11.30"]
[SourceVersion "1"]
[SourceVersionDate "2022.11.30"]
[SourceQuality "1"]

1. e4 c5 2. Nf3 d6 3. Bb5+ Nd7 4. 0-0 a6 5. Bxd7+ Bxd7 6. c3 g6 7. Re1 Bg7 8. d4 Qc7 9. Bf4 e5 10. dxe5 dxe5 11. Bg3 Ne7 12. h3 0-0 13. Nbd2 b5 14. Nf1 Rad8 15. Qc2 h6 16. Rad1 Be6 17. b3 c4 18. Ne3 f6 19. bxc4 Bxc4 20. Nxc4 Qxc4 21. Qb3 Rc8 22. Rd7 Rf7 23. Ra7 Qxb3 24. axb3 Rxc3 25. Rxa6 Rxb3 26. Rc1 g5 27. Rc5 Ng6 28. Rb6 Rb1+ 29. Kh2 b4 30. Nd2 Rb2 31. Rd5 Rc7 32. Rdd6 Kf7 33. Nf3 Ne7 34. Ne1 Nc8 35. Nd3 Rd2 36. Rbc6 Rxc6 37. Rxc6 Rxd3 38. Rxc8 Bf8 39. Rc1 b3 40. f3 b2 41. Rb1 Rb3 42. Bf2 Bb4 43. Kg1 Ke6 44. Kf1 Bc3 45. Be1 Bxe1 46. Kxe1 Kd6 47. Kd2 Kc5 48. Kc2 Rb6 49. Rxb2 Rxb2+ 50. Kxb2 Kd4 51. Kb3 Ke3 52. Kc4 Kf2 53. Kd5 Kxg2 54. Ke6 Kxf3 55. Kxf6 Kxe4 56. Kg6 Kf4 57. Kxh6 e4 0-1

[Event "Bratislava Slovakia op"]
[Site "Bratislava"]
[Date "2022.09.30"]
[Round "1"]
[White "Hlavac, Tomas"]
[Black "Stevik, Patrik1"]
[Result "0-1"]
[WhiteElo "1579"]
[BlackElo "2148"]
[PlyCount "62"]
[EventDate "2022.09.30"]
[EventType "swiss (rapid)"]
[EventRounds "9"]
[EventCountry "SVK"]
[SourceTitle "CBM 210 Extra"]
[Source "ChessBase"]
[SourceDate "2022.11.30"]
[SourceVersion "1"]
[SourceVersionDate "2022.11.30"]
[SourceQuality "1"]

1. e4 e5 2. Nf3 c6 3. Bc4 d5 4. exd5 cxd5 5. Bb3 e4 6. Nd4 Bc5 7. c3 Nc6 8. Nxc6 bxc6 9. d4 Bd6 10. Qe2 a5 11. Ba4 Qb6 12. b3 Nf6 13. h3 Ba6 14. Qe3 0-0 15. Ba3 Bxa3 16. Nxa3 Rac8 17. Rb1 Bb5 18. Bxb5 cxb5 19. c4 dxc4 20. bxc4 b4 21. c5 Qe6 22. Nb5 Nd5 23. Qb3 Rb8 24. Nd6 a4 25. Qc4 b3 26. a3 e3 27. 0-0 exf2+ 28. Rxf2 Qg6 29. Rbf1 Ne3 30. Nxf7 Nxc4 31. Nh6+ gxh6 0-1

[Event "Piestany Slovakia op"]
[Site "Piestany"]
[Date "2021.07.15"]
[Round "6"]
[White "Gajarsky, Julius"]
[Black "Hlavac, Tomas"]
[Result "1-0"]
[WhiteElo "1703"]
[BlackElo "1414"]
[PlyCount "59"]
[EventDate "2021.07.10"]
[EventType "swiss"]
[EventRounds "9"]
[EventCountry "SVK"]
[SourceTitle "CBM 203 Extra"]
[Source "ChessBase"]
[SourceDate "2021.09.30"]
[SourceVersion "1"]
[SourceVersionDate "2021.09.30"]
[SourceQuality "1"]

1. d4 Nf6 2. c4 g6 3. Nc3 Bg7 4. e4 d6 5. Be2 0-0 6. Be3 e5 7. d5 Nbd7 8. b4 Nb6 9. c5 Nbd7 10. h3 a6 11. Nf3 Qe7 12. c6 bxc6 13. dxc6 Nb8 14. Nd5 Nxd5 15. exd5 e4 16. Nd4 Qe5 17. 0-0 Qxd5 18. b5 Bxd4 19. Qxd4 Qxd4 20. Bxd4 axb5 21. Bxb5 Ba6 22. a4 Bc8 23. Rfe1 Re8 24. f3 f5 25. fxe4 fxe4 26. Bc4+ Be6 27. Rxe4 Nxc6 28. Rxe6 Rxe6 29. Bxe6+ Kf8 30. Bd5 1-0

[Event "Piestany Slovakia op"]
[Site "Piestany"]
[Date "2021.07.13"]
[Round "4"]
[White "Hlavac, Tomas"]
[Black "Jancicka, Viliam"]
[Result "1-0"]
[WhiteElo "1414"]
[BlackElo "1564"]
[PlyCount "107"]
[EventDate "2021.07.10"]
[EventType "swiss"]
[EventRounds "9"]
[EventCountry "SVK"]
[SourceTitle "CBM 203 Extra"]
[Source "ChessBase"]
[SourceDate "2021.09.30"]
[SourceVersion "1"]
[SourceVersionDate "2021.09.30"]
[SourceQuality "1"]

1. e4 e5 2. Nf3 Nc6 3. Bc4 h6 4. c3 Nf6 5. d3 Be7 6. Bb3 d6 7. h3 Bd7 8. Nbd2 b5 9. Nf1 Na5 10. Bc2 c5 11. Ne3 Be6 12. 0-0 0-0 13. Qe2 Rb8 14. Bd2 Nc6 15. a3 a5 16. Rfb1 Qc7 17. c4 b4 18. Nd5 Bxd5 19. cxd5 Nd4 20. Nxd4 cxd4 21. Ba4 Nd7 22. Rc1 Nc5 23. axb4 axb4 24. Bb3 Qb6 25. Bc4 Ra8 26. b3 Ra3 27. Rcb1 Rfa8 28. Rxa3 Rxa3 29. f4 f6 30. f5 Ra2 31. Qe1 Na6 32. Ra1 Rxa1 33. Qxa1 Nc5 34. Qa8+ Kh7 35. g4 Bd8 36. h4 Bc7 37. g5 fxg5 38. hxg5 Bb8 39. Qc6 Qxc6 40. dxc6 hxg5 41. Bxb4 Bc7 42. Bd2 Kh6 43. b4 Na4 44. b5 Kh5 45. Bb4 g4 46. Bb3 Nc5 47. Bc2 Bd8 48. Kg2 Kh6 49. Kg3 Kg5 50. Bd2+ Kf6 51. Kxg4 Kf7 52. Kh5 Kf8 53. Kg6 Bc7 54. Bg5 1-0

[Event "Liberec op 20th"]
[Site "Liberec"]
[Date "2020.02.24"]
[Round "3"]
[White "Suchomel, Oldrich"]
[Black "Hlavac, Tomas"]
[Result "1-0"]
[WhiteElo "1535"]
[BlackElo "1372"]
[PlyCount "55"]
[EventDate "2020.02.22"]
[EventType "swiss"]
[EventRounds "9"]
[EventCountry "CZE"]
[SourceTitle "CBM 195 Extra"]
[Source "ChessBase"]
[SourceDate "2020.05.31"]
[SourceVersion "1"]
[SourceVersionDate "2020.05.31"]
[SourceQuality "1"]

1. e4 e6 2. d4 d5 3. e5 c5 4. Be3 Qb6 5. b3 Nc6 6. Nf3 cxd4 7. Bxd4 Bb4+ 8. c3 Nxd4 9. Nxd4 Bc5 10. Bb5+ Kf8 11. Be2 Qc7 12. f4 Bd7 13. Nd2 Ne7 14. N2f3 Ng6 15. g3 Ke7 16. b4 Bb6 17. Rc1 Rac8 18. c4 a6 19. c5 Ba7 20. 0-0 Bc6 21. Bd3 Qd7 22. f5 exf5 23. Bxf5 Qc7 24. Bxc8 Rxc8 25. Nf5+ Kf8 26. Nd6 Rd8 27. Ng5 Nxe5 28. Ne6+ 1-0